| 000 | 01665nam a2200337 i 4500 | ||
|---|---|---|---|
| 001 | 000017081 | ||
| 003 | DO-SdBNP | ||
| 005 | 20250716130504.0 | ||
| 007 | ta | ||
| 008 | 100317s2002 dr ac 001 0 spa d | ||
| 040 |
_aDO-SdBNP _bspa _cBNPHU _erda |
||
| 082 | 4 |
_a343.032 _bR426Le _222 |
|
| 110 | 1 |
_aRepública Dominicana _9447 |
|
| 240 | 1 | 0 | _a[Leyes, etc.] |
| 245 | 1 | 0 |
_aUna ley monetaria y financiera para los nuevos tiempos / _ccoordinadores, Beatriz Rodríguez, Elsa Miguel. |
| 264 | 1 |
_aSanto Domingo : _bBanco Central de la República Dominicana _c2002. |
|
| 300 |
_a126 páginas : _bilustraciones, retratos; _c28 cm. |
||
| 336 |
_atexto _btxt _2rdacontent |
||
| 337 |
_asin mediación _bn _2rdamedia |
||
| 338 |
_avolumen _bnc _2rdacarrier |
||
| 505 | 0 |
_aMensaje del Gobernador / _rFrancisco M. Guerrero Prats -- _tLa regulación del sistema financiero dominicano -- _tPolítica monetaria y política fiscal -- _tInstrumentos indirectos de política monetaria -- _tAspectos complementarios y transitorios del proyecto de ley monetaria y financiera -- _tLas potestades de la administración monetaria y financiera y su control judicial -- _tProyecto de Ley Monetaria y Financiera. |
|
| 590 | _aInventariado, 2018/VM | ||
| 650 | 4 |
_aPolítica monetaria _zRepública Dominicana _95998 |
|
| 650 | 4 |
_aDerecho bancario _zRepública Dominicana _97945 |
|
| 650 | 4 |
_aDerecho financiero _zRepública Dominicana _931014 |
|
| 700 | 1 |
_aRodríguez, Beatriz, _ecoordinador _4coord. _937675 |
|
| 700 | 1 |
_aMiguel, Elsa, _ecoordinador _4coord. _937676 |
|
| 710 | 2 |
_aBanco Central de la República Dominicana _983405 |
|
| 910 | _aValidado. Control de calidad EMS | ||
| 942 |
_2ddc _cLBS1 |
||
| 999 |
_c16607 _d16607 |
||